|
|
|
|
| LEADER |
00000cam a2200000 7i4500 |
| 001 |
0000000571 |
| 005 |
20000909.0 |
| 090 |
0 |
0 |
|a 297.19709595
|b KON 1992
|
| 110 |
1 |
0 |
|a KONGRES "Menjelang Abad 21 : Islam dan Wawasan 2020"
|k 1992
|j Kuala Lumpur
|
| 245 |
1 |
0 |
|a Kongres "Menjelang Abad 21: Islam dan Wawasan 2020", Pusat Dagangan Dunia Putra (PWTC) Kuala Lumpur, 3-4 Julai 1992 :
|b [laporan]
|
| 260 |
0 |
0 |
|a [Kuala Lumpur :
|b Institut Kefahaman Islam Malaysia] ,
|c 1992
|
| 300 |
|
|
|a ix, [346] p. :
|b [5] col. plates ;
|c 25 cm.
|
| 500 |
0 |
0 |
|a Texts in English and Bahasa Malaysia
|a Includes bibliographical references
|
| 650 |
0 |
0 |
|a Economic development
|x Religious aspects
|x Islam
|x Congresses
|
| 650 |
0 |
0 |
|a Islam and science
|x Congresses
|
| 650 |
0 |
0 |
|a Islam
|z Malaysia
|y 21st century
|
| 650 |
0 |
0 |
|a Technology
|x Religious aspects
|x Islam
|x Congresses
|
| 650 |
0 |
0 |
|a Wawasan 2020
|x Congresses
|
| 710 |
1 |
1 |
|a Institut Kefahaman Islam Malaysia (IKIM)
|
| 999 |
|
|
|a 0000004313
|b Monograph
|c Open Shelf
|e Default branch
|